000 00629nam a2200217 4500
005 20180425103715.0
008 011212s2000 us 0 engYA
020 _a0802846661
100 1 _aShaull, Richard
245 1 0 _aPentecostalism and the future of the Christian churches :
_bpromises, limitations, challenges /
_cRichard Shaull and Waldo Cesar.
260 _aMichigan :
_bEerdmans,
_cc2000.
300 _axiv, 236 p.
336 _atext
337 _aunmediated
338 _avolume
504 _aBiblio: pp. 232-236
650 4 _aPentecostalism.
951 _x00010450
700 1 _aCesar, Waldo
942 _2lcc
_cBK
999 _c5372
_d5372